000
00390nam a2200133Ia 4500
008
100328s9999 xx 000 0 und d
082
_b
34184
100
_a
शिरवळकर सुहास.
245
_a
कथा पौर्णिमा
260
_b
गुरु
630
_a
कथा पौर्णिमा
730
_a
कथा पौर्णिमा
942
_c
BOOK
999
_c
524411
_d
524408